| 000 | 01179nam a2200289 i 4500 | ||
|---|---|---|---|
| 001 | bg | ||
| 003 | BPK | ||
| 005 | 20220715093251.0 | ||
| 008 | 980808s1997 pl d |000 0 pol | ||
| 020 | _a8390554802 | ||
| 040 | _cBPK | ||
| 041 | 0 |
_afre _apol |
|
| 080 | _a504(038)=162.1=133.1 | ||
| 100 | 1 |
_aSzymański, Kazimierz _c(ochrona środowiska) _eAutor |
|
| 245 | 0 | 0 |
_aMały słownik ochrony środowiska polsko-francuski, francusko-polski = _bPetit dictionnaire protection de l'environnement polonais-francais, francais-polonais / _cKazimierz Szymański, Jan Kuriata, Richard Sorbet. |
| 246 | 1 | 1 | _aPetit dictionnaire protection de l'environnement polonais-francais, francais-polonais |
| 260 |
_aKoszalin : _bFeniks, _c1997. |
||
| 300 |
_a111, 100 s. ; _c21 cm. |
||
| 500 | _aLiczb. stronic w przeciwnych kierunkach. | ||
| 650 | 4 | _aOchrona środowiska | |
| 655 | 4 | _aSłownik francusko-polski | |
| 655 | 4 | _aSłownik polsko-francuski | |
| 700 | 1 |
_aKuriata, Jan _d(1958- ). |
|
| 700 | 1 | _aSorbet, Richard. | |
| 856 |
_uhttp://koha.tu.koszalin.pl/cgi-bin/koha/opac-detail.pl?biblionumber=31849 _yKatalog online BPK |
||
| 942 |
_cKS _2UKD |
||
| 999 |
_c31849 _d31849 |
||